000 00462nam a2200145Ia 4500
008 100204s9999 xx 000 0 und d
082 _b13800
100 _aअत्रे प्रभाकर
245 _aकाश्मिरी शाल
260 _b"पराग प्रकाशन , मुंबई"
_c1979
300 _a200
630 _aकाश्मिरी शाल
730 _aकाश्मिरी शाल
942 _cBOOK
999 _c458232
_d458229